000 01098nam a22003377a 4500
003 CHAP
005 20220329134219.0
008 971013s1979 r 00010 d
010 _a17058
011 _a18030
035 _a22114
040 _cCHAP
082 _a633.18
_bJ4
100 0 0 _aJennings, P. R.
_961344
245 _aRice improvement
260 _aManila :
_bInternational Rice Research Institute,
_c1979
300 _a186 p.
_b: ilus
590 _aBATCH-UPD
_b10
_c20130110
_lUCH01
_h2121
590 _aBATCH-UPD
_b10
_c20130410
_lUCH01
_h1431
590 _aBATCH-UPD
_b10
_c20130914
_lUCH01
_h0408
590 _aCONVERSION
_b10
_c20130109
_lUCH01
_h1311
650 1 4 _aArroz
_xGenética.
_97613
650 1 4 _aArroz
_xMejoramiento.
_97631
700 0 _aCoffman, W. R.
_924352
700 0 _aKauffman, H. E.
_962812
901 _aBK
942 _cLIBRO
949 _a633.18 J4
_bBC
_cLIBRO
_d-51575
_eLIBRO
_fc.3
_h68317
_i22114
_mD
_si
949 _a633.18 J4
_bBC
_cLIBRO
_d33724000217931
_eLIBRO
_h68314
_i22114
_mD
_si
949 _a633.18 J4
_bBC
_cLIBRO
_d33724000217949
_eLIBRO
_fc.2
_h68315
_i22114
_mD
_si
999 _c17058
_d17058